[Event "Manitoba-ch U20"]
[Site "Winnipeg CAN"]
[Date "2000.10.29"]
[Round "3"]
[White "Charles, Alice"]
[Black "Neumann, Jada"]
[Result "0-1"]
[WhiteElo "992"]
[BlackElo "1057"]
[PlyCount "120"]
[GameId "2160767911635832"]
[EventDate "2000.10.28"]
[EventType "swiss"]
[EventRounds "4"]
[EventCountry "CAN"]

1. e4 e5 2. Nf3 Nc6 3. Nc3 Bb4 4. Bc4 Nf6 5. Ng5 d5 6. exd5 Na5 7. Bb5+ c6 8. dxc6 bxc6 9. Ba4 Bxc3 10. dxc3 Qxd1+ 11. Kxd1 h6 12. b4 Nc4 13. Bxc6+ Bd7 14. Bxa8 O-O 15. Bb7 hxg5 16. Bxg5 Ng4 17. Be7 Re8 18. Bg5 Nxf2+ 19. Ke2 Nxh1 20. Rxh1 f6 21. Bc1 Bb5 22. Bd5+ Kh8 23. Kf3 Rd8 24. Be6 Bc6+ 25. Kf2 Nd6 26. h4 Ne4+ 27. Ke3 Nxc3 28. Bd2 Nd5+ 29. Kf2 Nc7 30. Bc3 Nxe6 31. Rh3 Nf4 32. Rg3 Nxg2 33. Rd3 Rxd3 34. cxd3 Nxh4 35. Ke3 g5 36. d4 Nf5+ 37. Kd3 exd4 38. Bd2 Kh7 39. Kc4 Kg6 40. Kc5 Be4 41. a4 g4 42. a5 g3 43. Be1 d3 44. Kc4 d2 45. Bxd2 g2 46. b5 g1=Q 47. Bb4 Qd4+ 48. Kb3 Bd5+ 49. Ka4 Ne3 50. b6 Bc6+ 51. Kb3 Qc4+ 52. Ka3 Nc2+ 53. Kb2 Qxb4+ 54. Kxc2 Qxa5 55. bxa7 Qxa7 56. Kd3 f5 57. Ke2 f4 58. Kf1 f3 59. Ke1 f2+ 60. Kf1 Bb5+ 0-1

[Event "Manitoba-ch U20"]
[Site "Winnipeg CAN"]
[Date "2000.10.29"]
[Round "4"]
[White "Vincent, Trevor"]
[Black "Charles, Alice"]
[Result "1-0"]
[WhiteElo "1360"]
[BlackElo "992"]
[PlyCount "86"]
[GameId "2160767911635833"]
[EventDate "2000.10.28"]
[EventType "swiss"]
[EventRounds "4"]
[EventCountry "CAN"]

1. c4 e5 2. Nc3 Nf6 3. g3 Bc5 4. a3 Ng4 5. Ne4 Bd4 6. e3 Nf6 7. Nxf6+ gxf6 8. exd4 Nc6 9. dxe5 fxe5 10. Bg2 Nd4 11. Nf3 Nxf3+ 12. Bxf3 c6 13. O-O d6 14. Re1 Bh3 15. Bg2 Qc8 16. Re4 Bxg2 17. Kxg2 Qf5 18. Qg4 Qxg4 19. Rxg4 h5 20. Re4 Ke7 21. d4 f5 22. Re2 Ke6 23. dxe5 dxe5 24. Bf4 Rhg8 25. Rxe5+ Kf6 26. Rae1 Rg4 27. Re6+ Kf7 28. Re7+ Kf8 29. Bh6+ Kg8 30. f4 Rg6 31. Bg5 Rd8 32. Re8+ Rxe8 33. Rxe8+ Kf7 34. Re7+ Kf8 35. Rxb7 Rg7 36. Bh6 Kg8 37. Rxg7+ Kh8 38. Rxa7 Kg8 39. Rc7 Kh8 40. a4 Kg8 41. a5 Kh8 42. a6 Kg8 43. a7 Kh8 1-0

[Event "Manitoba-ch U20 playoff"]
[Site "Winnipeg CAN"]
[Date "2000.10.29"]
[Round "1"]
[White "Henson, Joshua"]
[Black "Vincent, Trevor"]
[Result "1-0"]
[WhiteElo "2125"]
[BlackElo "1360"]
[PlyCount "51"]
[GameId "2160767911635824"]
[EventDate "2000.10.29"]
[EventType "match"]
[EventRounds "2"]
[EventCountry "CAN"]

1. Nf3 g6 2. d4 Bg7 3. g3 d6 4. Bg2 c5 5. dxc5 Qa5+ 6. Bd2 Qxc5 7. Bc3 Nf6 8. O-O O-O 9. Nbd2 Qc7 10. Nb3 Nc6 11. Nbd4 Nxd4 12. Nxd4 a6 13. e4 Nd7 14. Ne2 Ne5 15. f4 Nc4 16. Bxg7 Kxg7 17. b3 Qc5+ 18. Qd4+ Qxd4+ 19. Nxd4 Ne3 20. Rfe1 Nxg2 21. Kxg2 e5 22. Nf3 Re8 23. Rad1 Rd8 24. fxe5 f5 25. exf6+ Kxf6 26. e5+ 1-0

[Event "Manitoba-ch U20 playoff"]
[Site "Winnipeg CAN"]
[Date "2000.10.29"]
[Round "2"]
[White "Vincent, Trevor"]
[Black "Henson, Joshua"]
[Result "0-1"]
[WhiteElo "1360"]
[BlackElo "2125"]
[PlyCount "80"]
[GameId "2160767911635825"]
[EventDate "2000.10.29"]
[EventType "match"]
[EventRounds "2"]
[EventCountry "CAN"]

1. c4 e5 2. Nc3 Nf6 3. g3 c6 4. Bg2 d5 5. cxd5 cxd5 6. d3 Nc6 7. a3 Be7 8. Nf3 O-O 9. O-O Be6 10. Qc2 Rc8 11. Qa4 Qd7 12. Ng5 Bf5 13. e4 dxe4 14. dxe4 Bg4 15. f3 Be6 16. Rd1 Nd4 17. Qxd7 Bxd7 18. Be3 h6 19. Nh3 Be6 20. Bxd4 exd4 21. Ne2 Rfd8 22. Nf2 Rc2 23. Nf4 Rxb2 24. Nxe6 fxe6 25. Bh3 e5 26. Nd3 Rb5 27. a4 Ra5 28. Rdb1 Rb8 29. Rc1 Bd6 30. Rc8+ Rxc8 31. Bxc8 b5 32. Be6+ Kf8 33. Bb3 Nd7 34. f4 Ke7 35. f5 Nf6 36. Nf2 Bc5 37. Kf1 Kd6 38. Ke2 Nd7 39. Nd3 Nb6 40. Nb2 Bb4 0-1

[Event "Match"]
[Site "Winnipeg CAN"]
[Date "2000.02.26"]
[Round "2"]
[White "Kirton, Dale"]
[Black "Gentes, Kevin"]
[Result "1/2-1/2"]
[WhiteElo "2262"]
[BlackElo "2342"]
[PlyCount "86"]
[GameId "2160767911733073"]
[EventDate "2000.02.25"]
[EventType "match"]
[EventRounds "6"]
[EventCountry "CAN"]

1. d4 d5 2. c4 e6 3. Nc3 c5 4. cxd5 exd5 5. Nf3 Nc6 6. g3 Nf6 7. Bg2 Be7 8. O-O O-O 9. dxc5 Bxc5 10. Bg5 d4 11. Bxf6 Qxf6 12. Nd5 Qd8 13. Nd2 Re8 14. Rc1 Bb6 15. Nc4 Bg4 16. Re1 Ba5 17. Nxa5 Qxa5 18. b4 Nxb4 19. Qxd4 Nxd5 20. Qxg4 Rad8 21. Qc4 b5 22. Qb3 Nf6 23. Bc6 Re5 24. Red1 Rxd1+ 25. Qxd1 h6 26. e3 a6 27. Qb3 Qd2 28. Rd1 Qe2 29. Qb1 g6 30. Rd8+ Kh7 31. Qb3 Re6 32. h3 Nh5 33. Rd7 Kg8 34. Bd5 Nxg3 35. Qb1 Rf6 36. fxg3 Qxe3+ 37. Kh2 Rf2+ 38. Bg2 Rxg2+ 39. Kxg2 Qe2+ 40. Kg1 Qe3+ 41. Kg2 Qe2+ 42. Kh1 Qf3+ 43. Kh2 Qf2+ 1/2-1/2

[Event "Match"]
[Site "Winnipeg CAN"]
[Date "2000.02.27"]
[Round "3"]
[White "Gentes, Kevin"]
[Black "Kirton, Dale"]
[Result "1-0"]
[WhiteElo "2342"]
[BlackElo "2262"]
[PlyCount "65"]
[GameId "2160767911733074"]
[EventDate "2000.02.25"]
[EventType "match"]
[EventRounds "6"]
[EventCountry "CAN"]

1. c4 c6 2. Nf3 d5 3. d4 e6 4. Nc3 dxc4 5. a4 Bb4 6. e3 b5 7. Bd2 Qe7 8. axb5 Bxc3 9. Bxc3 cxb5 10. d5 Nf6 11. dxe6 fxe6 12. Nd4 O-O 13. Nxb5 Ne4 14. Bxc4 Qh4 15. g3 Nxg3 16. Qd4 Qxd4 17. exd4 Nxh1 18. Nc7 Bb7 19. Bxe6+ Kh8 20. Nxa8 Bxa8 21. d5 a6 22. Ke2 Re8 23. Rg1 Re7 24. Kf1 Nd7 25. Bb4 Rxe6 26. dxe6 Nf6 27. Ke2 Bd5 28. e7 Kg8 29. Bc3 Ne8 30. Bxg7 Kf7 31. Bf8 Nd6 32. f3 Nf5 33. Rxh1 1-0

[Event "Match"]
[Site "Winnipeg CAN"]
[Date "2000.02.28"]
[Round "4"]
[White "Kirton, Dale"]
[Black "Gentes, Kevin"]
[Result "1-0"]
[WhiteElo "2262"]
[BlackElo "2342"]
[PlyCount "61"]
[GameId "2160767911733075"]
[EventDate "2000.02.25"]
[EventType "match"]
[EventRounds "6"]
[EventCountry "CAN"]

1. e4 c5 2. Nf3 d6 3. d4 cxd4 4. Nxd4 Nf6 5. Nc3 a6 6. Bg5 e6 7. f4 Be7 8. Qf3 h6 9. Bh4 g5 10. fxg5 Nfd7 11. Nxe6 fxe6 12. Qh5+ Kf8 13. Bb5 Rh7 14. O-O+ Kg8 15. g6 Rg7 16. Rf7 Bxh4 17. Qxh6 Qf6 18. Rxf6 Bxf6 19. e5 Bxe5 20. Bd3 Nf8 21. Rf1 Nbd7 22. Qh4 b5 23. Rf3 Bb7 24. Rh3 Nh7 25. Ne4 Rf8 26. Ng5 Bf6 27. gxh7+ Kh8 28. Rg3 Nc5 29. Qf4 Be7 30. Qxf8+ Bxf8 31. Nf7+ 1-0

[Event "Match"]
[Site "Winnipeg CAN"]
[Date "2000.02.29"]
[Round "5"]
[White "Gentes, Kevin"]
[Black "Kirton, Dale"]
[Result "1/2-1/2"]
[WhiteElo "2342"]
[BlackElo "2262"]
[PlyCount "41"]
[GameId "2160767911733076"]
[EventDate "2000.02.25"]
[EventType "match"]
[EventRounds "6"]
[EventCountry "CAN"]

1. c4 e6 2. Nc3 d5 3. d4 c5 4. cxd5 cxd4 5. Qa4+ Bd7 6. Qxd4 exd5 7. Nf3 Nc6 8. Qxd5 Nf6 9. Qd1 Bc5 10. e3 Qe7 11. Be2 O-O 12. O-O Rfd8 13. Bd2 Bf5 14. Qa4 a6 15. a3 Ne4 16. Nxe4 Bxe4 17. Rfd1 b5 18. Qb3 Bd5 19. Qc2 Be4 20. Qb3 Bd5 21. Qc2 1/2-1/2

[Event "Match"]
[Site "Winnipeg CAN"]
[Date "2000.03.01"]
[Round "6"]
[White "Kirton, Dale"]
[Black "Gentes, Kevin"]
[Result "1/2-1/2"]
[WhiteElo "2262"]
[BlackElo "2342"]
[PlyCount "47"]
[GameId "2160767911733077"]
[EventDate "2000.02.25"]
[EventType "match"]
[EventRounds "6"]
[EventCountry "CAN"]

1. e4 e6 2. d4 d5 3. e5 c5 4. c3 Nc6 5. Nf3 Qb6 6. Be2 cxd4 7. cxd4 Nh6 8. Nc3 Nf5 9. Na4 Bb4+ 10. Bd2 Qa5 11. Bc3 b5 12. a3 Bxc3+ 13. Nxc3 b4 14. axb4 Qxb4 15. Qa4 Qxa4 16. Rxa4 Rb8 17. Bb5 Bd7 18. Bxc6 Bxc6 19. Ra6 Rb6 20. Rxb6 axb6 21. Kd2 Kd7 22. Ra1 Ra8 23. Rxa8 Bxa8 24. b4 1/2-1/2

[Event "Match-2"]
[Site "Winnipeg CAN"]
[Date "2000.01.30"]
[Round "1"]
[White "Cleto, Sam"]
[Black "Repa, Jason"]
[Result "0-1"]
[WhiteElo "1887"]
[BlackElo "1879"]
[PlyCount "106"]
[GameId "2160767911741466"]
[EventDate "2000.01.30"]
[EventType "match"]
[EventRounds "4"]
[EventCountry "CAN"]

1. Nf3 e6 2. d4 f5 3. g3 Nf6 4. Bg2 Be7 5. O-O O-O 6. Bg5 Qe8 7. Re1 d5 8. Nbd2 Nbd7 9. c4 Qh5 10. cxd5 exd5 11. Qb3 h6 12. Bf4 c6 13. e4 fxe4 14. Nxe4 Nxe4 15. Rxe4 Bf6 16. Bd6 Re8 17. Rxe8+ Qxe8 18. Re1 Qf7 19. a4 Nb6 20. Be5 Bd8 21. a5 Nc4 22. Qc3 Bxa5 23. b4 Bb6 24. Bf1 Bg4 25. Bxc4 Qxf3 26. Bd3 Rf8 27. Qc2 Bh3 28. Bf1 Bf5 29. Qe2 Qxe2 30. Bxe2 a6 31. f3 Re8 32. Kg2 Bd8 33. g4 Bg6 34. Kg3 Be7 35. h4 Bxb4 36. Rg1 Re6 37. f4 Bd6 38. f5 Bxe5+ 39. dxe5 Rxe5 40. fxg6 Rxe2 41. Rf1 Re3+ 42. Kh2 Re7 43. Kg3 d4 44. Rf4 c5 45. Rf5 b6 46. Rd5 Kf8 47. g5 h5 48. Rd6 Ke8 49. Rxb6 d3 50. Rxa6 d2 51. Ra8+ Kd7 52. Ra7+ Ke6 53. Ra6+ Ke5 0-1

[Event "Match-2"]
[Site "Winnipeg CAN"]
[Date "2000.01.31"]
[Round "2"]
[White "Repa, Jason"]
[Black "Cleto, Sam"]
[Result "1-0"]
[WhiteElo "1879"]
[BlackElo "1887"]
[PlyCount "63"]
[GameId "2160767911741467"]
[EventDate "2000.01.30"]
[EventType "match"]
[EventRounds "4"]
[EventCountry "CAN"]

1. e4 e5 2. Nf3 Nc6 3. Bb5 a6 4. Bxc6 dxc6 5. O-O Bg4 6. h3 Bh5 7. d3 h6 8. g4 Bg6 9. Nxe5 Bd6 10. Nxg6 fxg6 11. f4 Qh4 12. Kg2 h5 13. g5 O-O-O 14. Bd2 Bxf4 15. Bxf4 Ne7 16. Qe1 Qxe1 17. Rxe1 Rhf8 18. Rf1 c5 19. Nd2 Nc6 20. Be3 Rfe8 21. Bxc5 b6 22. Be3 Nb4 23. Rfc1 Nd5 24. Re1 Nb4 25. Rec1 Nd5 26. Nf1 Nb4 27. Nh2 c5 28. a3 Nd5 29. exd5 Rxe3 30. Re1 Rde8 31. Nf3 Re2+ 32. Kf1 1-0

[Event "Match-2"]
[Site "Winnipeg CAN"]
[Date "2000.01.31"]
[Round "3"]
[White "Cleto, Sam"]
[Black "Repa, Jason"]
[Result "1/2-1/2"]
[WhiteElo "1887"]
[BlackElo "1879"]
[PlyCount "161"]
[GameId "2160767911741468"]
[EventDate "2000.01.30"]
[EventType "match"]
[EventRounds "4"]
[EventCountry "CAN"]

1. d4 e6 2. e4 d5 3. Nc3 Bb4 4. Bd3 dxe4 5. Bxe4 Nf6 6. Bd3 c5 7. dxc5 Bxc3+ 8. bxc3 Qa5 9. Ne2 O-O 10. a4 Rd8 11. Ba3 Bd7 12. O-O Na6 13. c6 Bxc6 14. Be7 Rd7 15. Bxf6 gxf6 16. Ng3 Kh8 17. f4 f5 18. Qe1 Qd5 19. Qe2 Nc5 20. Bc4 Qd2 21. Qe5+ Kg8 22. Rf2 Qd6 23. Qf6 Qf8 24. Nh5 Ne4 25. Qe5 Qh6 26. g4 Nxf2 27. Nf6+ Kf8 28. Nxd7+ Bxd7 29. Kxf2 Qxh2+ 30. Ke3 Qg3+ 31. Kd2 Rd8 32. gxf5 Bb5+ 33. Kc1 Bxc4 34. Qc5+ Kg7 35. Qxc4 Qe3+ 36. Kb2 Qb6+ 37. Ka2 Rd2 38. Qe4 exf5 39. Qe5+ Kg6 40. Rb1 Qe6+ 41. Qxe6+ fxe6 42. Rxb7 h5 43. Rxa7 h4 44. Ra8 Rd7 45. Rg8+ Rg7 46. Rh8 Rh7 47. Rg8+ Kf6 48. Kb2 h3 49. Rg1 Rh4 50. Rh1 Rxf4 51. Rxh3 Rxa4 52. Kb3 Ra1 53. c4 Rb1+ 54. Kc3 f4 55. c5 Ke5 56. Kc4 Rb8 57. Kd3 Rd8+ 58. Ke2 Ke4 59. Ra3 e5 60. c6 Rc8 61. Ra4+ Kd5 62. Ra5+ Kd6 63. Kf3 Rxc6 64. Ke4 Rc4+ 65. Kf5 Rc5 66. Ra2 Kd5 67. Ra8 Kd4 68. Rd8+ Kc3 69. Ke4 Kxc2 70. Rd7 Kc3 71. Rd8 Kc4 72. Rd1 Kb5 73. Rb1+ Kc6 74. Rd1 Rb5 75. Rd2 Rc5 76. Rd1 Kb5 77. Rb1+ Kc4 78. Rc1+ Kb4 79. Rb1+ Kc4 80. Rc1+ Kb5 81. Rb1+ 1/2-1/2

[Event "Match-2"]
[Site "Winnipeg CAN"]
[Date "2000.02.05"]
[Round "4"]
[White "Repa, Jason"]
[Black "Cleto, Sam"]
[Result "1-0"]
[WhiteElo "1879"]
[BlackElo "1887"]
[PlyCount "87"]
[GameId "2160767911741469"]
[EventDate "2000.01.30"]
[EventType "match"]
[EventRounds "4"]
[EventCountry "CAN"]

1. e4 c6 2. d4 d5 3. e5 Bf5 4. c3 e6 5. Qb3 Qc7 6. Be3 Bxb1 7. Rxb1 Ne7 8. Bd3 Nd7 9. Nf3 c5 10. dxc5 Nc6 11. O-O Bxc5 12. Bf4 h6 13. Bg3 Be7 14. Qd1 g5 15. Qe2 h5 16. h3 g4 17. Nd4 h4 18. Bh2 gxh3 19. gxh3 Qb6 20. Nxc6 bxc6 21. b4 a6 22. Qe3 Qb7 23. Kh1 Rg8 24. Rg1 O-O-O 25. a4 Nb6 26. f3 Kc7 27. Rg4 Rxg4 28. hxg4 Rg8 29. Bg1 d4 30. Qxd4 Rd8 31. Qxb6+ Qxb6 32. Bxb6+ Kxb6 33. a5+ Ka7 34. Be4 Rd2 35. Bxc6 Bg5 36. Be8 f6 37. exf6 Bxf6 38. Re1 Bxc3 39. Rxe6 Bxb4 40. Rh6 Bxa5 41. Rxh4 Bc7 42. g5 Bd8 43. Rh7+ Kb6 44. g6 1-0

[Event "Mauricie op"]
[Site "Trois-Rivieres CAN"]
[Date "2000.03.17"]
[Round "1"]
[White "Belanger, Jacques"]
[Black "Hua, Lefong"]
[Result "1-0"]
[WhiteElo "2013"]
[BlackElo "2323"]
[PlyCount "107"]
[GameId "2160767911732917"]
[EventDate "2000.03.17"]
[EventType "swiss"]
[EventRounds "5"]
[EventCountry "CAN"]

1. e4 c5 2. Nf3 e6 3. d4 cxd4 4. Nxd4 a6 5. Bd3 Nf6 6. O-O Qc7 7. Nc3 Bc5 8. Nb3 Be7 9. f4 d6 10. Qe2 Nbd7 11. a4 b6 12. Be3 Bb7 13. Bd4 e5 14. Be3 Nc5 15. Nxc5 dxc5 16. fxe5 Qxe5 17. Rf5 Qc7 18. Raf1 Bc8 19. e5 Bxf5 20. Rxf5 g6 21. exf6 gxf5 22. Bf4 Qd7 23. Nd5 Ra7 24. Nxe7 Qe6 25. Be5 Rxe7 26. fxe7 f6 27. Qf3 Kf7 28. Bc3 Kxe7 29. Bxf5 Qd6 30. Qb7+ Kf8 31. h3 Qd1+ 32. Kh2 Qd6+ 33. g3 Rg8 34. Qc8+ Kf7 35. Qb7+ Kf8 36. Qc8+ Kf7 37. Qd7+ Qxd7 38. Bxd7 Rd8 39. Bf5 b5 40. axb5 axb5 41. Bxh7 Kg7 42. Bf5 Re8 43. Ba5 b4 44. g4 b3 45. cxb3 Re2+ 46. Kg3 Rxb2 47. Be6 Ra2 48. Bc7 Rc2 49. Bc4 Rc3+ 50. Kh4 Re3 51. Bd6 f5 52. Bxc5 Re4 53. Kg3 Kf6 54. gxf5 1-0

[Event "Mauricie op"]
[Site "Trois-Rivieres CAN"]
[Date "2000.03.17"]
[Round "1"]
[White "Sasseville, Jean"]
[Black "Moskvitch, Andrei"]
[Result "1-0"]
[WhiteElo "1946"]
[BlackElo "2173"]
[PlyCount "70"]
[GameId "2160767911732918"]
[EventDate "2000.03.17"]
[EventType "swiss"]
[EventRounds "5"]
[EventCountry "CAN"]

1. c4 c5 2. Nf3 Nf6 3. d4 cxd4 4. Nxd4 e6 5. Nc3 Bb4 6. g3 Qc7 7. Qb3 Bxc3+ 8. bxc3 a6 9. Ba3 d6 10. Bg2 Nbd7 11. Nc2 Rb8 12. Ne3 b6 13. O-O Nc5 14. Qb2 Bb7 15. Rab1 Bxg2 16. Kxg2 O-O 17. f3 b5 18. Qc2 bxc4 19. Nxc4 d5 20. Nd2 Rxb1 21. Rxb1 Rc8 22. Rc1 e5 23. c4 d4 24. Nb3 Ne6 25. Qf5 Rb8 26. Rc2 h6 27. Bc1 a5 28. Bxh6 a4 29. Nc1 d3 30. exd3 Nd4 31. Qg5 Ne8 32. Rf2 Qd6 33. Bxg7 Nxg7 34. h4 Nde6 35. Qg4 Qxd3 1-0

[Event "Mauricie op"]
[Site "Trois-Rivieres CAN"]
[Date "2000.03.18"]
[Round "2"]
[White "Goldenberg, Danny"]
[Black "Sasseville, Jean"]
[Result "1-0"]
[WhiteElo "2300"]
[BlackElo "1946"]
[PlyCount "61"]
[GameId "2160767911732921"]
[EventDate "2000.03.17"]
[EventType "swiss"]
[EventRounds "5"]
[EventCountry "CAN"]

1. e4 c5 2. Nf3 e6 3. d4 cxd4 4. Nxd4 Nc6 5. Nc3 Qc7 6. Be3 a6 7. Bd3 b5 8. Nxc6 Qxc6 9. O-O Bb7 10. Re1 Nf6 11. Bg5 Bb4 12. Qf3 Bxc3 13. bxc3 Qxc3 14. Qg3 Rc8 15. e5 Nd5 16. Rad1 O-O 17. Qh4 g6 18. Bf6 Nxf6 19. exf6 Rfd8 20. Re3 Qc5 21. Rh3 h5 22. Qf4 e5 23. Qh6 Qf8 24. Qg5 e4 25. Rxh5 Rc3 26. Rh6 Rc5 27. Qh4 Rh5 28. Rxh5 gxh5 29. Qxh5 exd3 30. Rxd3 Be4 31. Rh3 1-0

[Event "Mauricie op"]
[Site "Trois-Rivieres CAN"]
[Date "2000.03.18"]
[Round "2"]
[White "Trottier, Yves"]
[Black "Moss, Laurent"]
[Result "1/2-1/2"]
[WhiteElo "1969"]
[BlackElo "2080"]
[PlyCount "80"]
[GameId "2160767911732922"]
[EventDate "2000.03.17"]
[EventType "swiss"]
[EventRounds "5"]
[EventCountry "CAN"]

1. e4 c5 2. Nc3 Nc6 3. g3 g6 4. Bg2 Bg7 5. d3 e6 6. f4 Nge7 7. Nf3 Rb8 8. Be3 d6 9. O-O b5 10. f5 exf5 11. exf5 Bxf5 12. Nh4 Be6 13. Bg5 Qd7 14. Ne4 f5 15. Nf6+ Bxf6 16. Bxf6 O-O 17. Bg5 Nd5 18. Bh6 Rfe8 19. Qd2 Ne5 20. d4 Nf7 21. dxc5 dxc5 22. Rad1 Nf6 23. Qc3 Qe7 24. Be3 Rbc8 25. Rde1 Ng4 26. b3 b4 27. Qd2 Rcd8 28. Qc1 Qd6 29. Nf3 Bd5 30. Bf4 Qf6 31. h3 Bxf3 32. Bxf3 Qd4+ 33. Kg2 Rxe1 34. Qxe1 Nf6 35. Qe2 Re8 36. Qd1 Qc3 37. Bd2 Qd4 38. Bf4 Qc3 39. Bd2 Qd4 40. Bf4 Qc3 1/2-1/2

[Event "Mauricie op"]
[Site "Trois-Rivieres CAN"]
[Date "2000.03.18"]
[Round "3"]
[White "Belanger, Jacques"]
[Black "Larochelle, Martial"]
[Result "1-0"]
[WhiteElo "2013"]
[BlackElo "2228"]
[PlyCount "89"]
[GameId "2160767911732923"]
[EventDate "2000.03.17"]
[EventType "swiss"]
[EventRounds "5"]
[EventCountry "CAN"]

1. e4 c5 2. Nf3 d6 3. d4 cxd4 4. Nxd4 Nf6 5. Nc3 g6 6. Be3 Bg7 7. f3 Nc6 8. Qd2 O-O 9. Bc4 Bd7 10. h4 Ne5 11. Bb3 Rc8 12. O-O-O Nc4 13. Bxc4 Rxc4 14. h5 Nxh5 15. g4 Nf6 16. Kb1 Re8 17. Nd5 e6 18. Nxf6+ Qxf6 19. Qh2 Rec8 20. Qxh7+ Kf8 21. Bh6 Bxh6 22. Qxh6+ Ke7 23. Qd2 Qe5 24. Rhe1 Kf8 25. f4 Qc5 26. f5 Ke7 27. e5 dxe5 28. Nxe6 Bxe6 29. fxe6 Rd4 30. Qg5+ Kxe6 31. Rc1 Re8 32. Rf1 Qe7 33. Qe3 f6 34. Qb3+ Kd6 35. Qa3+ Kc7 36. Qxa7 Rxg4 37. c4 Rc8 38. c5 Kd8 39. Qb6+ Ke8 40. Rxf6 Rc6 41. Rxc6 bxc6 42. Qxc6+ Kf7 43. Qd5+ Kg7 44. c6 Qg5 45. c7 1-0

[Event "Mauricie op"]
[Site "Trois-Rivieres CAN"]
[Date "2000.03.18"]
[Round "3"]
[White "Fortier, Marc-Andre"]
[Black "Hua, Lefong"]
[Result "0-1"]
[WhiteElo "2094"]
[BlackElo "2323"]
[PlyCount "54"]
[GameId "2160767911732924"]
[EventDate "2000.03.17"]
[EventType "swiss"]
[EventRounds "5"]
[EventCountry "CAN"]

1. e4 c5 2. Nc3 Nc6 3. g3 g6 4. Bg2 Bg7 5. d3 d6 6. f4 e6 7. Nf3 Nge7 8. O-O O-O 9. Be3 Nd4 10. Qd2 Rb8 11. Nd1 b5 12. a3 a5 13. Qf2 Qb6 14. g4 f5 15. gxf5 exf5 16. Rb1 b4 17. axb4 axb4 18. e5 dxe5 19. Nxe5 Be6 20. c3 bxc3 21. Nxc3 Rfd8 22. Rfe1 Qb3 23. Qh4 Nd5 24. Bxd4 cxd4 25. Nc6 dxc3 26. Nxb8 Qb6+ 27. Kh1 Rxb8 0-1

[Event "Mauricie op"]
[Site "Trois-Rivieres CAN"]
[Date "2000.03.18"]
[Round "3"]
[White "Goldenberg, Danny"]
[Black "Mongeau, Diane"]
[Result "0-1"]
[WhiteElo "2300"]
[BlackElo "1971"]
[PlyCount "80"]
[GameId "2160767911732925"]
[EventDate "2000.03.17"]
[EventType "swiss"]
[EventRounds "5"]
[EventCountry "CAN"]

1. d4 g6 2. e4 Bg7 3. Nf3 d6 4. Nc3 Nd7 5. Be3 c6 6. Qd2 Qc7 7. Bc4 e6 8. O-O Ne7 9. Rfe1 O-O 10. Bh6 Nb6 11. Bd3 e5 12. Bxg7 Kxg7 13. dxe5 dxe5 14. Rad1 Bg4 15. Qe3 Rad8 16. h3 Be6 17. Qc5 f6 18. Nb5 Na4 19. Nxc7 Nxc5 20. Nxe6+ Nxe6 21. c3 Nc8 22. b4 Kf7 23. Bc4 Nd6 24. Bxe6+ Kxe6 25. Nd2 Rd7 26. f3 Rfd8 27. Nb1 Nc4 28. Rxd7 Rxd7 29. Kf2 f5 30. exf5+ gxf5 31. g3 Rd5 32. h4 h5 33. Ke2 e4 34. fxe4 fxe4 35. Rf1 Rf5 36. Rxf5 Kxf5 37. Nd2 Nxd2 38. Kxd2 Kg4 39. Ke3 Kxg3 40. Kxe4 Kxh4 0-1

[Event "Mauricie op"]
[Site "Trois-Rivieres CAN"]
[Date "2000.03.18"]
[Round "3"]
[White "Leriche, Felix"]
[Black "Khassanov, Marat"]
[Result "1/2-1/2"]
[WhiteElo "2194"]
[BlackElo "2412"]
[PlyCount "91"]
[GameId "2160767911732926"]
[EventDate "2000.03.17"]
[EventType "swiss"]
[EventRounds "5"]
[EventCountry "CAN"]

1. e4 c5 2. Nf3 d6 3. d4 cxd4 4. Nxd4 Nf6 5. Nc3 Nc6 6. Bc4 Qb6 7. Nb3 e6 8. O-O a6 9. Be3 Qc7 10. f4 Be7 11. Bd3 O-O 12. Qf3 Bd7 13. g4 Kh8 14. Qh3 g6 15. g5 Ng8 16. f5 b5 17. a3 exf5 18. exf5 f6 19. Nd5 Qd8 20. Qg2 gxf5 21. g6 hxg6 22. Qxg6 Qe8 23. Qg2 Rf7 24. Nc7 Qc8 25. Nxa8 Qxa8 26. Rf3 Qc8 27. Raf1 Ne5 28. Rh3+ Rh7 29. Rxh7+ Kxh7 30. Rf4 Bf8 31. Qh3+ Bh6 32. Rh4 Nf7 33. Nd4 Ng5 34. Bxg5 fxg5 35. Rg4 Qc5 36. c3 Kg7 37. Rg2 g4 38. Qh4 Qe5 39. Re2 Qf6 40. Qg3 Bg5 41. Qe1 Bh4 42. Qd1 Kh6 43. Bc2 Ne7 44. Qd3 Kg6 45. Rg2 Kh5 46. Ne2 1/2-1/2

[Event "Mauricie op"]
[Site "Trois-Rivieres CAN"]
[Date "2000.03.19"]
[Round "3"]
[White "Gottlieb, Jonathan"]
[Black "Sauve, Richard"]
[Result "1/2-1/2"]
[WhiteElo "2111"]
[BlackElo "1930"]
[PlyCount "40"]
[GameId "2160767911732928"]
[EventDate "2000.03.17"]
[EventType "swiss"]
[EventRounds "5"]
[EventCountry "CAN"]

1. e4 e6 2. d4 d5 3. e5 c5 4. c3 Nc6 5. Nf3 Qb6 6. a3 Nh6 7. b4 cxd4 8. cxd4 Nf5 9. Be3 Bd7 10. Nc3 Nxe3 11. fxe3 Nxb4 12. axb4 Bxb4 13. Qb3 Rc8 14. Rc1 Qa5 15. Kd2 O-O 16. Bd3 Rc7 17. Ng1 Ba4 18. Qb2 Bd7 19. Qb3 Ba4 20. Qb2 Bd7 1/2-1/2

[Event "Mauricie op"]
[Site "Trois-Rivieres CAN"]
[Date "2000.03.19"]
[Round "4"]
[White "Larochelle, Martial"]
[Black "Angers, Gilles"]
[Result "1-0"]
[WhiteElo "2228"]
[BlackElo "2072"]
[PlyCount "83"]
[GameId "2160767911732930"]
[EventDate "2000.03.17"]
[EventType "swiss"]
[EventRounds "5"]
[EventCountry "CAN"]

1. c4 e5 2. g3 g6 3. Bg2 Bg7 4. Nc3 Nc6 5. e4 d6 6. Nge2 Be6 7. d3 Qd7 8. Nd5 Nd8 9. d4 c6 10. Ne3 Bh3 11. O-O Bxg2 12. Kxg2 Ne6 13. d5 Nd4 14. Nxd4 exd4 15. Nc2 c5 16. Ne1 Ne7 17. Nd3 O-O 18. f4 b5 19. b3 bxc4 20. bxc4 Rab8 21. Qc2 Rb6 22. Bd2 Rfb8 23. h3 Qc8 24. Rf2 h5 25. Raf1 f5 26. e5 Qd7 27. Re1 dxe5 28. fxe5 Nxd5 29. Nxc5 Qc6 30. cxd5 Qxd5+ 31. Ne4 d3 32. Qc5 Qb7 33. Kh2 fxe4 34. Qc4+ Kh7 35. Rxe4 Rc8 36. Qxd3 Re6 37. Bf4 Rce8 38. Rfe2 Qc7 39. Qd5 Qe7 40. h4 Rd8 41. Qa5 Qb7 42. Qxd8 1-0

[Event "Mauricie op"]
[Site "Trois-Rivieres CAN"]
[Date "2000.03.19"]
[Round "4"]
[White "Sasseville, Jean"]
[Black "Fortier, Marc-Andre"]
[Result "0-1"]
[WhiteElo "1946"]
[BlackElo "2094"]
[PlyCount "50"]
[GameId "2160767911732931"]
[EventDate "2000.03.17"]
[EventType "swiss"]
[EventRounds "5"]
[EventCountry "CAN"]

1. c4 Nf6 2. Nc3 g6 3. d4 Bg7 4. e4 d6 5. f3 O-O 6. Be3 e5 7. d5 Nbd7 8. Qd2 a6 9. Bd3 Nh5 10. Nge2 Nc5 11. Bc2 f5 12. exf5 Bxf5 13. Bxf5 gxf5 14. O-O Nd7 15. Rac1 Qe8 16. b4 Qg6 17. c5 Rae8 18. cxd6 cxd6 19. Na4 f4 20. Ba7 e4 21. fxe4 f3 22. Nec3 Bh6 23. Qb2 b5 24. Nb6 Be3+ 25. Kh1 Ng3+ 0-1

[Event "Mauricie op U2000"]
[Site "Trois-Rivieres CAN"]
[Date "2000.03.17"]
[Round "1"]
[White "Bluteau, Normand"]
[Black "Gaulin, Gaetan"]
[Result "1-0"]
[WhiteElo "1865"]
[BlackElo "1977"]
[PlyCount "63"]
[GameId "2160767911732932"]
[EventDate "2000.03.17"]
[EventType "swiss"]
[EventRounds "5"]
[EventCountry "CAN"]

1. d4 Nf6 2. c4 e6 3. Bg5 h6 4. Bh4 Bb4+ 5. Nc3 g5 6. Bg3 c5 7. a3 Bxc3+ 8. bxc3 Ne4 9. f3 Nxg3 10. hxg3 Nc6 11. e3 Qa5 12. Qd2 d6 13. Nh3 cxd4 14. exd4 f6 15. Nf2 Kf7 16. Ne4 d5 17. Nc5 Qc7 18. Kf2 b6 19. cxd5 exd5 20. Nd3 Na5 21. Nb4 Be6 22. Qc2 Nc4 23. Bd3 Kg7 24. Rhe1 Rae8 25. Re2 Bf7 26. Rae1 Rxe2+ 27. Rxe2 Nxa3 28. Qc1 Nc4 29. Qe1 Rc8 30. Re7 Qd6 31. Rxa7 Re8 32. Qxe8 1-0